[Event "Olympiad Women 2024"]
[Site "Budapest HUN"]
[Date "2024.09.20"]
[Round "9.23"]
[Board "4"]
[White "Tamarozi, Isabelle"]
[Black "Canales Chinchilla, Victoria"]
[Result "1-0"]
[WhiteElo "2059"]
[BlackElo "1825"]
[PlyCount "87"]
[EventDate "2024.09.11"]
[WhiteTeam "Brazil"]
[BlackTeam "Costa Rica"]
[WhiteTeamCountry "BRA"]
[BlackTeamCountry "CRI"]

1. e4 c5 2. Nf3 Nc6 3. d4 cxd4 4. Nxd4 g6 5. c4 Nf6 6. Nc3 d6 7. Be2 Nxd4 8. Qxd4 Bg7 9. Bg5 O-O 10. Qd2 a5 11. Rd1 a4 $146 ({RR} 11... Be6 12. b3 Qb6 13. O-O Qb4 14. f4 Rfe8 15. Bf3 Bg4 16. Bxf6 Bxf3 17. Bxg7 Bxd1 18. Bd4 e5 19. Be3 exf4 20. Bd4 g5 21. Qxd1 Re5 22. Nd5 Rxd5 23. exd5 a4 24. Qh5 {1-0 So,W (2577)-Nguyen,V (2386) Manila PGMA Cup 3rd 2008 (4)}) ({RR} 11... Be6 12. O-O a4 13. Rfe1 Qa5 14. Bf1 Rfc8 15. Nd5 Qxd2 16. Bxd2 Bxd5 17. exd5 Re8 18. Bb4 Nd7 19. Ba3 Nc5 20. g3 b6 21. h4 h5 22. Bh3 f5 23. Kg2 Bf6 24. Kf3 Kf7 25. Re2 Rac8 26. Bf1 {½-½ Andreikin,D (2726)-Bernadskiy,V (2629) Titled Tuesday intern op 26th May blitz 2020 (3)}) ({RR} 11... Be6 12. b3 Nd7 13. h4 h5 14. Bh6 Nf6 15. O-O Qb6 16. Bxg7 Kxg7 17. Rfe1 Rfc8 18. Bf3 Qb4 19. Qd4 Bxc4 20. Na4 Ra6 21. Qb2 Be6 22. a3 Qxb3 23. e5 dxe5 24. Bxb7 Qxa4 25. Bxa6 Rc5 26. g3 {0-1 Gonzalez de la Torre,S (2397)-Sanchez Saez,F (2268) TCh-ESP Div 1 2024 (7.17)}) ({RR} 11... Be6 12. O-O a4 13. e5 Ne8 14. Nd5 Bxd5 15. Qxd5 Qc7 16. e6 f5 17. c5 Ra5 18. Rc1 Rxc5 19. Rxc5 dxc5 20. Qd7 Bf6 21. Bxf6 Qxd7 22. exd7 Nxf6 23. Bc4+ Kg7 24. Re1 Rd8 25. Rxe7+ Kh6 26. Bb5 {1-0 Kotronias,V (2518)-Pasiev,R (2416) Nakhchivan op 2018 (4)}) ({RR} 11... Be6 12. b3 a4 13. e5 dxe5 14. Qxd8 Rfxd8 15. Rxd8+ Rxd8 16. Nxa4 Bd7 17. Nc3 Bc6 18. O-O Kf8 19. Rd1 Rxd1+ 20. Bxd1 Ne4 21. Nxe4 Bxe4 22. Be3 f5 23. f3 Bd3 24. g3 e4 25. fxe4 Bxe4 26. a4 {½-½ Nareks,M (1474)-Meglic,J (1961) Maribor Pirc Memorial op 20th 2017 (6)}) 12. e5 Nd7 13. exd6 f6 14. dxe7 Qxe7 15. Be3 Ne5 16. O-O Be6 17. Nd5 Qf7 18. Bc5 Rfe8 19. b3 Rac8 20. Ba3 axb3 21. axb3 Rcd8 22. Rfe1 f5 23. Bb2 Bxd5 24. cxd5 f4 25. f3 Kh8 26. Bb5 Re7 27. Re4 g5 28. Ba3 Nxf3+ 29. gxf3 Rxe4 30. fxe4 Qh5 31. Rf1 f3 32. Qf2 g4 33. Bb2 Rd6 34. Ra1 h6 35. Ra8+ Kh7 36. Bxg7 Kxg7 37. Be8 Qg5 38. Rc8 Rd8 39. Qd4+ Kf8 40. Rxd8 Qc1+ 41. Kf2 Qc2+ 42. Kg3 Qg2+ 43. Kf4 Qxh2+ 44. Kf5 1-0

[Event "Olympiad Women 2024"]
[Site "Budapest HUN"]
[Date "2024.09.20"]
[Round "9.24"]
[Board "1"]
[White "Martynkova, Olena"]
[Black "Antonova, Nadezhda"]
[Result "1/2-1/2"]
[WhiteElo "2176"]
[BlackElo "1967"]
[PlyCount "110"]
[EventDate "2024.09.11"]
[WhiteTeam "Lithuania"]
[BlackTeam "Tajikistan"]
[WhiteTeamCountry "LTU"]
[BlackTeamCountry "TJK"]

1. d4 Nf6 2. c4 e6 3. g3 d5 4. Nf3 Be7 5. Bg2 O-O 6. O-O dxc4 7. Qc2 b5 8. a4 Bb7 9. axb5 a6 10. bxa6 Nxa6 11. Qxc4 Bd5 12. Qc3 c5 13. Be3 Ne4 14. Qc1 cxd4 15. Bxd4 Nec5 16. Bxc5 ({RR} 16. Nbd2 Bxf3 17. Bxc5 Nxc5 18. Nxf3 Nb3 19. Rxa8 Nxc1 20. Rxd8 Nxe2+ 21. Kh1 Rxd8 22. Re1 Nd4 23. Rd1 Nxf3 24. Rxd8+ Bxd8 25. Bxf3 Be7 26. Kg2 f5 27. h4 Kf7 28. h5 Kf6 29. g4 g6 30. hxg6 hxg6 {½-½ Duda,J (2732)-Deac,B (2690) Titled Tue 6th Feb Late 2024 (6)}) 16... Nxc5 17. Rxa8 $146 ({RR} 17. Nc3 Bxf3 18. Bxf3 Rxa1 19. Qxa1 Qb6 20. Qa2 Bf6 21. Qa3 Be7 22. e3 Rb8 23. Rb1 Ne4 24. Qxe7 Nxc3 25. Ra1 Qxb2 26. Ra7 Rf8 27. Kg2 Nd5 28. Bxd5 exd5 29. Rd7 Qf6 30. Qc5 Rd8 31. Rxd5 Rxd5 {½-½ Deac,B (2700)-Svane,R (2647) 24th European Teams 2023 (6.1)}) 17... Qxa8 18. Nc3 Rb8 19. Nxd5 Qxd5 20. Rd1 Qb7 21. Nd4 Qxb2 22. Nc6 Qb7 23. Nxb8 Qxb8 24. Qc4 g6 25. e3 Qb2 26. h4 h5 27. Qd4 Qxd4 28. exd4 Nd7 29. Bc6 Nf6 30. Kf1 Kg7 31. Ke2 Ng4 32. Rb1 Nh6 33. Rb7 Nf5 34. Kd3 Kf6 35. Be4 Nd6 36. Rd7 Bf8 37. f3 Kg7 38. g4 Kf6 39. Ra7 Kg7 40. Ra5 hxg4 41. fxg4 Be7 42. h5 gxh5 43. gxh5 f5 44. Bf3 Bg5 45. Ra6 Bf4 46. Bd1 e5 47. dxe5 Bxe5 48. Bf3 Kh6 49. Kc2 Kg7 50. Kb3 Kh6 51. Kb4 Kg7 52. Kc5 Kf6 53. Kd5 Bf4 54. Rxd6+ Bxd6 55. Kxd6 Kg7 1/2-1/2

[Event "Olympiad Women 2024"]
[Site "Budapest HUN"]
[Date "2024.09.20"]
[Round "9.24"]
[Board "2"]
[White "Saidova, Rukhshona"]
[Black "Limontaite, Simona"]
[Result "1/2-1/2"]
[WhiteElo "1873"]
[BlackElo "2177"]
[PlyCount "94"]
[EventDate "2024.09.11"]
[WhiteTeam "Tajikistan"]
[BlackTeam "Lithuania"]
[WhiteTeamCountry "TJK"]
[BlackTeamCountry "LTU"]

1. e4 e6 2. d4 d5 3. e5 c5 4. c3 Nc6 5. Nf3 Qb6 6. a3 Bd7 7. b4 cxd4 8. cxd4 Rc8 9. Be2 Nge7 10. O-O Nf5 11. Bb2 Be7 12. g3 ({RR} 12. Kh1 O-O 13. Nc3 f6 14. Na4 Qd8 15. Nc5 fxe5 16. Nxd7 Qxd7 17. dxe5 Bd8 18. Bd3 Bb6 19. Rc1 a6 20. Bb1 Qe7 21. Qd2 g6 22. Rc3 Rc7 23. Rd3 Nd8 24. h3 Nf7 25. g3 Rfc8 26. Kg2 Rc4 {1-0 Strikovic,A (2550)-Kovacevic,V (2520) Olympiad-33 Elista 1998 (6.4)}) 12... g5 ({RR} 12... h6 13. Qd2 O-O 14. Rd1 f6 15. g4 fxe5 16. gxf5 e4 17. Ne5 Nxe5 18. dxe5 Bg5 19. Bd4 Qd8 20. Be3 Rxf5 21. Bg4 Bxe3 22. Qxe3 Rg5 23. h3 h5 24. Nd2 hxg4 25. h4 Rh5 26. Qg3 Qxh4 27. Qxh4 {0-1 Kalix,W (2008)-Sonnenfeld,D (2091) Verbandsliga Suedbaden 2122 2021 (1.2)}) 13. g4 Ng7 $146 ({RR} 13... Nh4 14. Nxh4 gxh4 15. h3 Na5 16. Nd2 Nc4 17. Nxc4 dxc4 18. Bc3 a6 19. f4 Rg8 20. Kh2 Qc7 21. Qd2 b5 22. Bf3 Bc6 23. Qg2 Bxf3 24. Qxf3 Qd7 25. Qe4 Rh8 26. f5 Qd5 27. Qxd5 exd5 28. f6 {½-½ Riihimaki,P (1966)-Luodonpaa,M (1887) FIN-chT2 Gp4 1516 2015 (3.4)}) 14. Qd3 Na5 15. Nbd2 Nc4 16. Nxc4 dxc4 17. Qe3 h5 18. Nxg5 hxg4 19. Bxg4 Nf5 20. Bxf5 exf5 21. f4 Bc6 22. Rae1 Bd5 23. Rf2 Rc6 24. Qd2 Rg6 25. Bc3 Rh5 26. Kf1 Bxg5 27. fxg5 Rgxg5 28. e6 fxe6 29. Qf4 Kd7 30. Re5 Qc6 31. Qe3 Qa4 32. Rxd5+ exd5 33. Re2 Qd1+ 34. Be1 Qd3 35. Qe7+ Kc8 36. Qc5+ Kb8 37. Qd6+ Kc8 38. Qf8+ Kc7 39. Qf7+ Kc8 40. Qe8+ Kc7 41. Qe5+ Kc8 42. Qe8+ Kc7 43. Qe7+ Kc8 44. Qc5+ Kb8 45. Qd6+ Kc8 46. Qe6+ Kc7 47. Qe7+ Kc8 1/2-1/2

[Event "Olympiad Women 2024"]
[Site "Budapest HUN"]
[Date "2024.09.20"]
[Round "9.24"]
[Board "3"]
[White "Baginskaite, Kamile"]
[Black "Tolibova, Dilola"]
[Result "1-0"]
[WhiteElo "2103"]
[BlackElo "1831"]
[PlyCount "69"]
[EventDate "2024.09.11"]
[WhiteTeam "Lithuania"]
[BlackTeam "Tajikistan"]
[WhiteTeamCountry "LTU"]
[BlackTeamCountry "TJK"]

1. d4 d5 2. c4 e6 3. Nc3 a6 4. cxd5 exd5 5. Bf4 c6 6. e3 Bd6 7. Bxd6 Qxd6 8. Bd3 Nf6 ({RR} 8... Ne7 9. Nf3 Bf5 10. Qb3 b5 11. Bxf5 Nxf5 12. a4 b4 13. Ne2 a5 14. O-O Nd7 15. Nf4 O-O 16. Rfc1 Rac8 17. Rc2 Rc7 18. Rac1 Rfc8 19. Qd3 g6 20. Qa6 g5 21. Nd3 b3 22. Rc3 c5 23. Qxd6 {½-½ Grischuk,A (2754)-Carlsen,M (2857) chess.com sf blitz 3m+2spm 2016 (15)}) 9. h3 Nbd7 10. Nf3 b5 $146 ({RR} 10... O-O 11. O-O Re8 12. a3 Nf8 13. b4 Ng6 14. Rb1 Bd7 15. Na4 Ne4 16. Nc5 Nc3 17. Qc2 Nxb1 18. Rxb1 Rab8 19. h4 Bg4 20. Ne5 Nxe5 21. dxe5 Rxe5 22. Bxh7+ Kh8 23. Bd3 Qf6 24. Nd7 Bxd7 {0-1 Balague Camps,M (2207)-Oganian,M (2439) Titled Tue 24th Jan Late 2023 (7)}) ({RR} 10... O-O 11. Qc2 Re8 12. g4 Nf8 13. O-O-O Qe7 14. Ne5 N6d7 15. Nxd7 Bxd7 16. Na4 Rad8 17. Kb1 Bc8 18. Rhg1 Ng6 19. Nc5 Kh8 20. g5 Nh4 21. Rg3 g6 22. Ka1 Nf5 23. Rgg1 Nh4 24. a3 Nf3 25. Rg3 {1-0 Rasulov,V (2536)-Tristan,L (2515) Titled Tue 9th Jan Early 2024 (3)}) ({RR} 10... O-O 11. O-O Re8 12. Qc2 Nf8 13. a3 Ng6 14. b4 Ne7 15. Na4 g6 16. Nc5 Ra7 17. Ne5 Bf5 18. a4 Bxd3 19. Qxd3 Nc8 20. b5 cxb5 21. axb5 a5 22. Rfc1 Nb6 23. Qa3 Qd8 24. Rc3 Re7 25. Rac1 {1-0 Cosman,A (2105)-Ardelean,L (1811) TCh-ROU Superliga w 2023 (1.2)}) ({RR} 10... O-O 11. O-O Re8 12. Qc2 Nf8 13. Rab1 Ng6 14. b4 Qe7 15. a4 Ne4 16. b5 axb5 17. axb5 Ra3 18. Rb3 Rxb3 19. Qxb3 Qf6 20. bxc6 bxc6 21. Be2 Ng5 22. Qd1 Nxf3+ 23. Bxf3 Nh4 24. Bg4 Qg6 25. g3 {1-0 Grischuk,A (2732)-Lugovskoy,M (2384) TCh-RUS Blitz 2023 (12.1)}) 11. O-O O-O 12. Rc1 Re8 13. Qc2 Nf8 14. e4 dxe4 15. Nxe4 Nxe4 16. Bxe4 Bd7 17. Rfd1 Rac8 18. Ne5 Qe6 19. Bxc6 Bxc6 20. Nxc6 Ng6 21. d5 Qd6 22. Qc5 Qxc5 23. Rxc5 Kf8 24. d6 Red8 25. d7 Ra8 26. Nxd8 Rxd8 27. Rc8 Ke7 28. Rxd8 Kxd8 29. Rd6 Ne5 30. Rxa6 Kxd7 31. Rb6 g6 32. Rxb5 Ke6 33. a4 f5 34. a5 Kd6 35. Rxe5 1-0

[Event "Olympiad Women 2024"]
[Site "Budapest HUN"]
[Date "2024.09.20"]
[Round "9.24"]
[Board "4"]
[White "Mashabova, Shukrona"]
[Black "Sibajeva, Marija"]
[Result "0-1"]
[WhiteElo "1711"]
[BlackElo "2007"]
[PlyCount "134"]
[EventDate "2024.09.11"]
[WhiteTeam "Tajikistan"]
[BlackTeam "Lithuania"]
[WhiteTeamCountry "TJK"]
[BlackTeamCountry "LTU"]

1. e4 c5 2. Nf3 e6 3. d4 cxd4 4. Nxd4 a6 5. Nc3 b5 6. Bd3 Bb7 7. O-O Qc7 8. Nb3 ({RR} 8. Bd2 Nf6 9. Qe2 b4 10. Nb1 Nc6 11. Nb3 d5 12. exd5 Nxd5 13. a3 Bd6 14. h3 O-O 15. Qe4 g6 16. c4 Nde7 17. Qh4 Ne5 18. c5 Nxd3 19. cxd6 Qxd6 20. Bxb4 Qd5 21. Qg3 Nf5 22. Qf3 Qxf3 {0-1 Sohier,J (2270)-Fedorchuk,S (2671) Paris-ch op 2008 (2)}) 8... Nf6 9. f4 $146 ({RR} 9. f3 h5 10. Be3 d6 11. Qe1 Nbd7 12. Qf2 Be7 13. a4 b4 14. Ne2 d5 15. exd5 Nxd5 16. Bd4 e5 17. Be3 Nxe3 18. Qxe3 Nc5 19. Bc4 Nxb3 20. Qxb3 Bc5+ 21. Kh1 h4 22. Bd5 h3 23. g3 Rh6 {0-1 Prott,B-Pueschel,W (2177) Berlin Hellersdorf Winter 5th 2008 (1.6)}) ({RR} 9. Qe2 d6 10. Be3 Nbd7 11. f3 b4 12. Nd1 d5 13. Nf2 Bd6 14. g3 O-O 15. Bg5 a5 16. f4 dxe4 17. Nxe4 Nxe4 18. Bxe4 a4 19. Nd4 Bc5 20. Rad1 e5 21. Bxb7 exd4 22. Qf3 Rab8 23. Bc6 Rfc8 {0-1 Zaichenko,D (2104)-Jimenez Almeida,L (2242) Titled Tue 16th May Early 2023 (3)}) ({RR} 9. Be3 d6 10. f4 Nbd7 11. Qf3 Be7 12. g4 b4 13. Ne2 d5 14. Ng3 dxe4 15. Nxe4 O-O 16. g5 Nxe4 17. Bxe4 Bxe4 18. Qxe4 Rac8 19. Rf2 a5 20. f5 Qe5 21. Qxe5 Nxe5 22. f6 Bd8 23. fxg7 Re8 {0-1 Watson,W (2300)-Pandavos,P EU-ch U21 Groningen 1980 (8)}) ({RR} 9. Be3 d6 10. a3 Be7 11. f4 Nbd7 12. f5 e5 13. Qf3 O-O 14. Rad1 Nb6 15. Na5 d5 16. Nxb7 d4 17. Nd5 Nbxd5 18. exd5 Qxb7 19. Bf2 Qxd5 20. Qxd5 Nxd5 21. c3 Rad8 22. cxd4 Nf4 23. Be3 Nxd3 {0-1 Durao,J-Walther,E Zonal Madrid 1960 (6)}) 9... b4 10. e5 bxc3 11. exf6 gxf6 12. bxc3 Be7 13. Be3 d6 14. Qe2 Nd7 15. Rab1 Rg8 16. Rf2 f5 17. Na5 Bd5 18. c4 Qxa5 19. cxd5 Qxd5 20. c4 Qc6 21. Qc2 Bd8 22. Re2 Kf8 23. Ree1 Rg6 24. Bf1 Rc8 25. Red1 Nc5 26. Qb2 Kg8 27. Qe2 Ne4 28. Rdc1 Ba5 29. Qf3 h6 30. Rb3 Bd2 31. Bxd2 Nxd2 32. Qxc6 Rxc6 33. Rb8+ Kh7 34. Bd3 Rg8 35. Rxg8 Kxg8 36. Rc2 Ne4 37. Rb2 Kg7 38. g3 Nc5 39. Be2 Na4 40. Rb3 Rb6 41. Kf2 Kf6 42. Ke3 Ke7 43. Rxb6 Nxb6 44. Kd3 f6 45. Bd1 e5 46. Bc2 Ke6 47. Bb3 Kd7 48. h3 Kc6 49. g4 fxg4 50. hxg4 Kc5 51. f5 a5 52. a3 d5 53. cxd5 Nxd5 54. Ke4 Nc3+ 55. Kd3 Nb5 56. a4 Nd6 57. Be6 Kb4 58. Bd7 Nb7 59. Bc6 Nc5+ 60. Ke3 Nxa4 61. Bxa4 Kxa4 62. Ke4 Kb3 63. Kd5 a4 64. Ke6 a3 65. Kxf6 a2 66. Kxe5 a1=Q+ 67. Ke6 Qg7 0-1

[Event "Olympiad Women 2024"]
[Site "Budapest HUN"]
[Date "2024.09.20"]
[Round "9.25"]
[Board "1"]
[White "Tsolakidou, Stavroula"]
[Black "Dornbusch, Tatiana"]
[Result "1-0"]
[WhiteElo "2444"]
[BlackElo "2212"]
[PlyCount "105"]
[EventDate "2024.09.11"]
[WhiteTeam "Greece"]
[BlackTeam "Monaco"]
[WhiteTeamCountry "GRE"]
[BlackTeamCountry "MNC"]

1. e4 e5 2. Nf3 Nc6 3. Bb5 a6 4. Ba4 Bc5 5. c3 Nge7 6. O-O Ba7 7. d4 Ng6 8. Bg5 f6 9. Be3 O-O 10. Re1 d6 11. Nbd2 Kh8 12. Bc2 Bd7 13. h3 Qe8 14. Nf1 Nf4 15. Ng3 g5 16. Nf5 Rg8 $146 ({RR} 16... Ne7 17. Kh2 Nxf5 18. exf5 Bc6 19. dxe5 dxe5 20. Bxa7 Rxa7 21. g3 Qh5 22. Ng1 Qxd1 23. Raxd1 Nd5 24. Be4 Nb6 25. Bxc6 bxc6 26. Nf3 Nc4 27. Rd7 Nb6 28. Re7 Nc8 29. Re6 Nd6 30. g4 Raa8 31. c4 {½-½ Alexakis,D (2451)-Kourkoulos Arditis,S (2547) Piraeus GM Jan 2024 (3.5)}) 17. Nh2 Ne7 18. Ng4 Rf8 19. g3 Nfg6 20. h4 Nxf5 21. exf5 Ne7 22. hxg5 fxg5 23. dxe5 Bxe3 24. Rxe3 Nxf5 25. exd6 Qh5 26. Bxf5 Bxf5 27. Qd4+ Kg8 28. Nf6+ Rxf6 29. Qxf6 Rf8 30. Qd4 cxd6 31. Qd5+ Qf7 32. Qxf7+ Kxf7 33. Rae1 Kf6 34. Re7 Rf7 35. Rxf7+ Kxf7 36. f4 gxf4 37. Rf1 Ke6 38. Rf2 f3 39. Rxf3 Ke5 40. Rf4 b6 41. Kf2 b5 42. Ke3 Bb1 43. Rf7 Bxa2 44. Rxh7 b4 45. Rh5+ Ke6 46. cxb4 Bc4 47. Kd4 Be2 48. Rh6+ Ke7 49. Rg6 Bf1 50. g4 Bg2 51. g5 Bc6 52. Rf6 Bb7 53. Rf4 1-0

[Event "Olympiad Women 2024"]
[Site "Budapest HUN"]
[Date "2024.09.20"]
[Round "9.25"]
[Board "2"]
[White "Zvereva, Marija"]
[Black "Avramidou, Anastasia"]
[Result "0-1"]
[WhiteElo "2035"]
[BlackElo "2290"]
[PlyCount "77"]
[EventDate "2024.09.11"]
[WhiteTeam "Monaco"]
[BlackTeam "Greece"]
[WhiteTeamCountry "MNC"]
[BlackTeamCountry "GRE"]

1. e4 c5 2. Nf3 d6 3. Bb5+ Nd7 4. a4 Ngf6 5. Qe2 e5 6. O-O Be7 7. c3 O-O 8. d4 cxd4 $146 ({RR} 8... Qc7 9. Na3 a6 10. Bd3 b6 11. h3 Bb7 12. d5 Rfe8 13. Be3 Nf8 14. Nd2 Ng6 15. b4 Bf8 16. bxc5 bxc5 17. Nac4 Rab8 18. Rab1 Ba8 19. a5 Nd7 20. g3 Rxb1 21. Rxb1 Rb8 22. Qd1 Rxb1 23. Qxb1 {1-0 Ulaneo,N (2165)-Sharapov,E (2375) Titled Tue 4th Apr Early 2023 (7)}) 9. cxd4 exd4 10. Nxd4 Ne5 11. Nc3 a6 12. Bd3 d5 13. Nf5 Nxd3 14. Qxd3 dxe4 15. Qxd8 Bxd8 16. Nd6 Bc7 17. Nxc8 Raxc8 18. Re1 Ba5 19. Bg5 Rxc3 20. bxc3 Bxc3 21. Rac1 Bxe1 22. Rxe1 Rc8 23. g3 Rc4 24. Rb1 Rxa4 25. Rxb7 h6 26. Bxf6 gxf6 27. Kf1 Kg7 28. Ke2 f5 29. Rb6 f6 30. h4 Kg6 31. Rb3 a5 32. Ke3 Ra2 33. Rb5 Ra3+ 34. Ke2 a4 35. Ra5 Ra1 36. Ke3 a3 37. Ke2 a2 38. Ra4 e3 39. fxe3 0-1

[Event "Olympiad Women 2024"]
[Site "Budapest HUN"]
[Date "2024.09.20"]
[Round "9.25"]
[Board "3"]
[White "Pavlidou, Ekaterini"]
[Black "Berezovsky, Fiorina"]
[Result "1/2-1/2"]
[WhiteElo "2141"]
[BlackElo "1976"]
[PlyCount "138"]
[EventDate "2024.09.11"]
[WhiteTeam "Greece"]
[BlackTeam "Monaco"]
[WhiteTeamCountry "GRE"]
[BlackTeamCountry "MNC"]

1. d4 d5 2. c4 e6 3. Nf3 Be7 4. Nc3 Nf6 5. Bf4 c6 6. e3 O-O 7. Rc1 Nbd7 8. Bd3 dxc4 ({RR} 8... b6 9. cxd5 exd5 10. Qc2 Bb7 11. O-O Rc8 12. Bf5 g6 13. Bh3 Ra8 14. Rfd1 Re8 15. Ne2 Bf8 16. Bg5 Bg7 17. Qa4 b5 18. Qa3 h6 19. Bxd7 Qxd7 20. Ne5 Qc8 21. Bxf6 Bxf6 22. Qc3 Qe6 23. Nd3 {1-0 Mchedlishvili,M (2632)-Prasanna Raghuram,R (2427) Mumbai Mayors Cup 7th 2014 (9)}) 9. Bxc4 b5 10. Bd3 a6 $146 ({RR} 10... Bb7 11. O-O a6 12. Ne4 Nxe4 13. Bxe4 Qb6 14. Ne5 Nxe5 15. Bxe5 Rac8 16. Qf3 f5 17. Qg3 g6 18. Bf3 c5 19. dxc5 Bxc5 20. Bxb7 Qxb7 21. Bd6 Bxd6 22. Qxd6 Kf7 23. Rfd1 Rxc1 24. Rxc1 Rc8 25. Rd1 {1-0 Marey,M (2146)-Asprelli,G (2012) ARG-ch Amateur 2019 (1)}) ({RR} 10... Bb7 11. O-O a6 12. Ne4 Qb6 13. Qe2 c5 14. Nxc5 Nxc5 15. dxc5 Bxc5 16. Rfd1 h6 17. h3 Rac8 18. a3 Be4 19. Bxe4 Nxe4 20. Rc2 Bd6 21. Bxd6 Nxd6 22. Rdc1 Rxc2 23. Rxc2 Rc8 24. Rxc8+ Nxc8 25. Qc2 {1-0 Zou,C (2449)-Anandh,V (2073) Titled Tue 16th Jul Late 2024 (2)}) ({RR} 10... Bb7 11. O-O a6 12. Qc2 c5 13. Ne5 cxd4 14. exd4 Rc8 15. Qe2 Nb6 16. Rcd1 Nbd5 17. Bd2 Nb4 18. Bb1 Qxd4 19. Bg5 Qc5 20. Bxf6 Bxf6 21. Nd7 Qe7 22. Nxf8 Qxf8 23. Ne4 Be7 24. Qh5 g6 25. Qe5 {1-0 Karttunen,M (2497)-Yarullina,A (2084) Titled Tue 24th Oct Early 2023 (11)}) 11. O-O c5 12. a4 c4 13. Bb1 Qb6 14. e4 Bb7 15. Bg5 b4 16. Ne2 Qd8 17. Ng3 a5 18. Re1 Nb6 19. e5 Nfd5 20. Qc2 g6 21. Bh6 Re8 22. Ne4 Rc8 23. b3 cxb3 24. Qxb3 Nc3 25. Nxc3 Rxc3 26. Rxc3 bxc3 27. Qxc3 Bb4 28. Qc1 Bxf3 29. gxf3 Bxe1 30. Qxe1 Qxd4 31. Be3 Qxe5 32. f4 Qb2 33. Be4 Nc4 34. Bc1 Qb3 35. Kg2 Rd8 36. Bf3 h5 37. f5 exf5 38. Qe7 Qb6 39. Bg5 Rd6 40. Qe8+ Kg7 41. Be7 Rf6 42. Bd5 Qd4 43. Bxf6+ Qxf6 44. Bxc4 Qg5+ 45. Kf1 Qc1+ 46. Kg2 Qxc4 47. Qe5+ Kh7 48. Qxa5 Qg4+ 49. Kf1 Qd1+ 50. Kg2 Qg4+ 51. Kf1 h4 52. Qd5 Qxa4 53. Qxf7+ Kh6 54. Qf8+ Kh5 55. h3 Qd1+ 56. Kg2 Qd5+ 57. Kg1 Qe5 58. Qf7 Qe1+ 59. Kg2 Qe4+ 60. Kg1 f4 61. Qf8 Qe5 62. Kg2 Qd5+ 63. Kh2 f3 64. Qf4 g5 65. Qf6 Qd2 66. Qf7+ Kh6 67. Qf6+ Kh7 68. Qf7+ Kh6 69. Qf6+ Kh7 1/2-1/2

[Event "Olympiad Women 2024"]
[Site "Budapest HUN"]
[Date "2024.09.20"]
[Round "9.25"]
[Board "4"]
[White "Dubois, Martine"]
[Black "Markantonaki, Haritomeni"]
[Result "0-1"]
[WhiteElo "1816"]
[BlackElo "2179"]
[PlyCount "40"]
[EventDate "2024.09.11"]
[WhiteTeam "Monaco"]
[BlackTeam "Greece"]
[WhiteTeamCountry "MNC"]
[BlackTeamCountry "GRE"]

1. e4 e5 2. Nf3 Nc6 3. c3 d5 4. Qa4 dxe4 5. Nxe5 Qd5 6. Nxc6 bxc6 7. Bc4 Qd7 8. d3 exd3 9. Bxd3 ({RR} 9. O-O Bd6 10. Bxd3 Ne7 11. Qe4 Bb7 12. Rd1 O-O-O 13. Na3 Bxa3 14. bxa3 c5 15. Qc4 Qc6 16. f3 Nd5 17. Rb1 Nb6 18. Qxf7 c4 19. Bf5+ Kb8 20. Rxd8+ Rxd8 21. Be3 Qa4 22. Bf4 Nd5 23. Be4 Qa5 {1-0 Schaefer,M (2423)-Erwich,F (2340) Oberliga NRW 1112 2011 (5.3)}) 9... Nf6 10. O-O Bd6 ({RR} 10... Bb7 11. Qc2 g6 12. Re1+ Be7 13. Qe2 O-O-O 14. Ba6 Bc5 15. Bxb7+ Kxb7 16. Be3 Rhe8 17. Na3 Bxe3 18. fxe3 Qg4 19. h3 Qxe2 20. Rxe2 Ne4 21. Kh2 Rd3 22. Rae1 f5 23. g3 c5 24. Kg2 Kc6 25. Nc2 {0-1 Waterfield,J (1905)-Kivimaki,J (2172) World Senior Teams +65 2023 (6.3)}) 11. Bf5 $146 ({RR} 11. Re1+ Be7 12. Bg5 O-O 13. Bxf6 Bxf6 14. Be4 Rb8 15. Bxc6 Qd6 16. Na3 Be6 17. Bb5 Qb6 18. Re2 Be7 19. Bd3 g6 20. Nc4 Bxc4 21. Bxc4 Bd6 22. Rae1 Kg7 23. Bb3 Rbd8 24. g3 Bc5 25. Kg2 Qf6 {½-½ Dueckstein,A-Sarapu,O Olympiad-19 Preliminaries F 1970 (4)}) ({RR} 11. Re1+ Kf8 12. Be2 Qf5 13. Qxc6 Rb8 14. Qf3 Qe5 15. g3 Bb7 16. Qd3 Be4 17. Qd1 Qf5 18. Na3 h5 19. Nc4 Bc5 20. Be3 Bxe3 21. Nxe3 Qg5 22. h4 Qc5 23. Bf3 Kg8 24. Bxe4 Nxe4 25. Qc2 Nf6 {1-0 Seres,B (2284)-Menyhart,T (2169) HUN-chT2 Maroczy 0304 2003 (1)}) ({RR} 11. Re1+ Be7 12. Bf5 Qxf5 13. Qxc6+ Kd8 14. Qxa8 Ng4 15. Qf3 Bd6 16. Qxf5 Bxh2+ 17. Kh1 Bxf5 18. Be3 Nxe3 19. Rxe3 Bf4 20. Re1 Kc8 21. Na3 Rd8 22. Rad1 Bd3 23. Kg1 Rd6 24. g3 Bg5 25. f4 Bd8 {1-0 Ratcu,T (2180)-Cipolli,A Sao Paulo State-ch2 1998}) 11... Qxf5 12. Qxc6+ Kd8 13. Qxa8 Ng4 14. g3 h5 15. Nd2 h4 16. Nf3 hxg3 17. fxg3 Nxh2 18. Bg5+ f6 19. Nxh2 Bc5+ 20. Kh1 Rxh2+ 0-1

[Event "Olympiad Women 2024"]
[Site "Budapest HUN"]
[Date "2024.09.20"]
[Round "9.26"]
[Board "1"]
[White "Pipiras, Filipa Fortuna"]
[Black "Linares Napoles, Oleiny"]
[Result "0-1"]
[WhiteElo "2187"]
[BlackElo "2201"]
[PlyCount "88"]
[EventDate "2024.09.11"]
[WhiteTeam "Portugal"]
[BlackTeam "Cuba"]
[WhiteTeamCountry "POR"]
[BlackTeamCountry "CUB"]

1. d4 Nf6 2. c4 e5 3. dxe5 Ng4 4. Nf3 Nc6 5. Nc3 Bc5 6. e3 O-O 7. Be2 Re8 8. O-O Ncxe5 9. Nxe5 Nxe5 10. f4 Nc6 ({RR} 10... Ng6 11. Bd3 c6 12. Ne4 Bf8 13. Ng5 Be7 14. h4 Bxg5 15. hxg5 d5 16. cxd5 Qxd5 17. Bxg6 hxg6 18. Qxd5 cxd5 19. Bd2 Bd7 20. Kf2 f6 21. gxf6 gxf6 22. Rh1 Kg7 23. Bc3 Rh8 24. Rad1 Be6 25. Bd4 {½-½ Ward,C (2498)-Pert,R (2357) BCF-ch 89th Torquay 2002 (11)}) 11. Bd3 ({RR} 11. Rf3 d6 12. Kh1 f5 13. a3 a5 14. b3 Be6 15. Qd3 Qe7 16. Bb2 Qf7 17. Rg3 Kh8 18. Rf1 Ne7 {1-0 Guerrero Orihuela,J (1986)-Planas Torrea,F (1965) 6th San Cristobal Open 2024 (8.34)}) 11... Bf8 12. Qf3 $146 ({RR} 12. b3 d6 13. Bb2 Nb4 14. Bb1 Qh4 15. a3 Na6 16. Qd2 c6 17. Bc2 Bg4 18. Rae1 Rad8 19. f5 d5 20. cxd5 Bc5 21. b4 Bb6 22. d6 Bh5 23. Na4 Bc7 24. Qc3 {1-0 Jaramillo Lopez,A (1915)-Arias Serrano,L (2118) VEN-ch Expertos 2022 (4)}) ({RR} 12. Qd2 b6 13. Kh1 Bb7 14. e4 Nb4 15. Be2 a5 16. Bf3 d6 17. b3 Na6 18. Bb2 Nc5 19. Rae1 Qd7 20. Qd1 Re7 21. e5 dxe5 22. Bxb7 Nxb7 23. Nd5 {1-0 Banos,O (2232)-Yastrebova,T (1991) Catalunya-chT 2011 (4)}) ({RR} 12. Bd2 d6 13. Nd5 Be6 14. Bc3 Qd7 15. Bxh7+ Kxh7 16. Qh5+ Kg8 17. Nf6+ {1-0 Estremera Panos,S (2365)-Lozano,L Alcobendas op 1993 (1)}) 12... d6 13. Bd2 Bd7 14. Rae1 Rb8 15. e4 a6 16. Nd5 Ne7 17. Bc3 Nxd5 18. cxd5 c6 19. dxc6 Bxc6 20. Qg3 Bb5 21. Bxb5 Qb6+ 22. Kh1 Qxb5 23. Qf3 Rbc8 24. h3 Rc7 25. Re3 h6 26. Rfe1 Qc6 27. Qg4 Kh8 28. Rg3 f6 29. Qg6 d5 30. Bxf6 Rxe4 31. Qxh6+ Kg8 32. Rxe4 dxe4 33. Rg6 Qxf6 34. Qh5 Rc1+ 35. Kh2 Qxf4+ 36. Rg3 Bd6 37. Qe8+ Kh7 38. Qh5+ Qh6 39. Qf5+ Kh8 40. Qxe4 Bxg3+ 41. Kxg3 Qd6+ 42. Kg4 Qd7+ 43. Kg3 Qc7+ 44. Kf3 Qc6 0-1